Sun Life Assurance plc v Racal Tracs Ltd (Record no. 61985)

MARC details
000 -LEADER
fixed length control field 00799cam a2200193 4500
001 - CONTROL NUMBER
control field X103135
008 - FIXED-LENGTH DATA ELEMENTS--GENERAL INFORMATION
fixed length control field 000000n1999 000 0 eng u
035 ## - SYSTEM CONTROL NUMBER
System control number (Sirsi) u103135
245 ## - TITLE STATEMENT
Title Sun Life Assurance plc v Racal Tracs Ltd
260 ## - PUBLICATION, DISTRIBUTION, ETC.
Date of publication, distribution, etc. 1999
490 ## - SERIES STATEMENT
Series statement New Property Cases
Volume/sequential designation [1999] NPC 154, 4 December 1999
520 ## - SUMMARY, ETC.
Summary, etc. QBD 1 December 1999. The terms proposed by a tenant for the grant of a new lease under Landlord and Tenant Act 1954 s26 have to be 'genuine' otherwise the notice is invalid. TAKEN FROM JOURNAL HEADNOTE-NO PHOTOCOPYING ALLOWED
650 ## - SUBJECT ADDED ENTRY--TOPICAL TERM
Topical term or geographic name entry element LANDLORD AND TENANT ACT 1954 S26
650 ## - SUBJECT ADDED ENTRY--TOPICAL TERM
Topical term or geographic name entry element SUN LIFE ASSURANCE PLC V RACAL TRACS LTD
650 ## - SUBJECT ADDED ENTRY--TOPICAL TERM
Topical term or geographic name entry element NEW LEASE
650 ## - SUBJECT ADDED ENTRY--TOPICAL TERM
Topical term or geographic name entry element COMPENSATION CLAIMS
690 ## - LOCAL SUBJECT ADDED ENTRY--TOPICAL TERM (OCLC, RLIN)
Topical term or geographic name as entry element LANDLORD AND TENANT-CASE LAW-BUSINESS TENANCIES
942 ## - ADDED ENTRY ELEMENTS (KOHA)
Suppress in OPAC 0
Holdings
Withdrawn status Lost status Source of classification or shelving scheme Damaged status Not for loan Home library Current library Shelving location Date acquired Total Checkouts Full call number Barcode Date last seen Copy number Price effective from Koha item type
    Dewey Decimal Classification     London London Journal article 14/12/1999   X103135 103135-1001 06/08/2019 1 06/08/2019 Law report